[Event "Manizales op 28th"]
[Site "Manizales"]
[Date "2023.01.07"]
[Round "5"]
[White "Ossa, Orlando Jose"]
[Black "Perez, William"]
[Result "0-1"]
[WhiteElo "2193"]
[BlackElo "1910"]
[PlyCount "102"]
[EventDate "2023.01.05"]
[EventType "swiss"]
[EventRounds "8"]
[EventCountry "COL"]
[SourceTitle "CBM 212 Extra"]
[Source "ChessBase"]
[SourceDate "2023.03.31"]
[SourceVersion "1"]
[SourceVersionDate "2023.03.31"]
[SourceQuality "1"]

1. e4 c6 2. c4 d5 3. exd5 cxd5 4. cxd5 Nf6 5. Nc3 Nxd5 6. d4 Nc6 7. Nf3 Bg4 8. Qb3 Nb6 9. Ne5 Be6 10. Nxc6 bxc6 11. Qb4 g6 12. Qc5 Qd6 13. Ba6 Bc8 14. Be2 Bg7 15. Bf3 Bd7 16. Be3 Qxc5 17. dxc5 Nc4 18. 0-0-0 Nxe3 19. fxe3 Rc8 20. Rd3 Bf5 21. e4 Be6 22. b3 h5 23. Ne2 Rd8 24. Rhd1 Rxd3 25. Rxd3 0-0 26. Rd1 Rb8 27. Nd4 Bxd4 28. Rxd4 Rb5 29. b4 Bxa2 30. Kb2 Be6 31. e5 Bd5 32. Bxd5 cxd5 33. c6 Rb6 34. Rxd5 Rxc6 35. Rd7 a6 36. Rxe7 Rb6 37. Ka3 Kf8 38. Ra7 g5 39. Ra8+ Ke7 40. Rg8 f6 41. Rg6 Rb5 42. exf6+ Kf7 43. Rh6 h4 44. Ka4 Rf5 45. Rh7+ Kxf6 46. Rh6+ Kf7 47. Rxa6 Rf2 48. b5 Rxg2 49. b6 Rxh2 50. Kb3 Rh3+ 51. Kb4 Rh1 0-1

[Event "COL-chT Rapid"]
[Site "Santa Marta"]
[Date "2022.11.04"]
[Round "4.1"]
[White "Torres, Juan Camilo"]
[Black "Ossa, Orlando Jose"]
[Result "1-0"]
[WhiteElo "2314"]
[BlackElo "2239"]
[PlyCount "81"]
[EventDate "2022.11.02"]
[EventType "team-swiss"]
[EventRounds "7"]
[EventCountry "COL"]
[SourceTitle "CBM 211 Extra"]
[Source "ChessBase"]
[SourceDate "2023.01.31"]
[SourceVersion "1"]
[SourceVersionDate "2023.01.31"]
[SourceQuality "1"]
[WhiteTeam "Caldas"]
[BlackTeam "Valle II"]
[WhiteTeamCountry "COL"]
[BlackTeamCountry "COL"]

1. d4 Nf6 2. Nf3 g6 3. c4 Bg7 4. g3 d6 5. Bg2 0-0 6. Nc3 Nc6 7. 0-0 e5 8. h3 exd4 9. Nxd4 Nxd4 10. Qxd4 Nd7 11. Qd2 Ne5 12. b3 Bd7 13. Bb2 Rb8 14. Rac1 Re8 15. Rfd1 Qc8 16. Kh2 Bc6 17. Nd5 Qf5 18. f4 Bxd5 19. cxd5 Bh6 20. Qc3 Re7 21. e4 Qh5 22. fxe5 Bxc1 23. Qxc1 dxe5 24. Qd2 Rd8 25. Rf1 g5 26. Rf5 h6 27. Bxe5 Rdd7 28. Bf6 Re8 29. Bxg5 Qg6 30. Bxh6 Kh7 31. Bf4 c6 32. Qd1 f6 33. d6 Re6 34. h4 Kg7 35. h5 Qh7 36. Qg4+ Kf7 37. e5 Rd8 38. Be4 Qg8 39. Bg5 Rde8 40. Rxf6+ Rxf6 41. Qd7+ 1-0

[Event "COL-chT"]
[Site "Santa Marta"]
[Date "2022.11.03"]
[Round "3.4"]
[White "Herrera, Juan Sebastian"]
[Black "Ossa, Orlando Jose"]
[Result "1-0"]
[WhiteElo "2297"]
[BlackElo "2216"]
[PlyCount "85"]
[EventDate "2022.11.02"]
[EventType "team-swiss"]
[EventRounds "7"]
[EventCountry "COL"]
[SourceTitle "CBM 211 Extra"]
[Source "ChessBase"]
[SourceDate "2023.01.31"]
[SourceVersion "1"]
[SourceVersionDate "2023.01.31"]
[SourceQuality "1"]
[WhiteTeam "Valle"]
[BlackTeam "Valle II"]
[WhiteTeamCountry "COL"]
[BlackTeamCountry "COL"]

1. d4 d5 2. c4 e6 3. Nc3 Nf6 4. cxd5 exd5 5. Bg5 Be7 6. e3 0-0 7. Bd3 h6 8. Bh4 c5 9. Nge2 Nc6 10. 0-0 cxd4 11. exd4 Ne4 12. Bxe4 dxe4 13. Bg3 Bf5 14. d5 Nb4 15. d6 Bf6 16. Qb3 Qa5 17. Rad1 Nd3 18. Nd5 Bg6 19. Nxf6+ gxf6 20. Nf4 Qf5 21. Nd5 Kh7 22. Bh4 Nf4 23. Nxf6+ Kh8 24. Rfe1 Bh5 25. Nxh5 Qxh5 26. Qg3 Ne6 27. Bf6+ Kh7 28. Qe3 Rg8 29. Qxe4+ Rg6 30. Rd5 Nc5 31. Rxh5 Nxe4 32. Rxe4 Rxf6 33. Rd5 Rd8 34. d7 Kg7 35. f3 Re6 36. Rc4 Rc6 37. Rxc6 bxc6 38. Rd6 c5 39. Kf2 f6 40. Ke3 Kf7 41. Ke4 Ke7 42. Kd5 c4 43. Re6+ 1-0

[Event "Liga Vallecaucana"]
[Site "Cali"]
[Date "2022.04.01"]
[Round "4.1"]
[White "Mateus, Martha"]
[Black "Ossa, Orlando Jose"]
[Result "1/2-1/2"]
[WhiteElo "2009"]
[BlackElo "2221"]
[PlyCount "65"]
[EventDate "2022.03.30"]
[EventType "schev"]
[EventRounds "7"]
[EventCountry "COL"]
[SourceTitle "EXT 2023"]
[Source "ChessBase"]
[SourceDate "2022.10.05"]
[SourceVersion "1"]
[SourceVersionDate "2022.10.05"]
[SourceQuality "1"]
[WhiteTeam "Equipo B"]
[BlackTeam "Equipo A"]
[WhiteTeamCountry "COL"]
[BlackTeamCountry "COL"]

1. e4 e5 2. Nf3 Nc6 3. Nc3 Bb4 4. Nd5 Ba5 5. Bc4 Nf6 6. 0-0 d6 7. Qe2 0-0 8. c3 Nxd5 9. exd5 Ne7 10. d4 exd4 11. Nxd4 Nf5 12. Nxf5 Bxf5 13. Qf3 Bg6 14. Re1 Qh4 15. Qf4 Qh5 16. a4 Rfe8 17. Bd2 a6 18. Qg5 Qxg5 19. Bxg5 Bb6 20. Kf1 f6 21. Bf4 Rxe1+ 22. Rxe1 Re8 23. Rxe8+ Bxe8 24. b3 g5 25. Bd2 Kg7 26. Ke2 a5 27. Be3 Bxe3 28. Kxe3 f5 29. f4 h6 30. Bd3 Kf6 31. g3 Bf7 32. Kd4 Be8 33. Bc2 1/2-1/2

[Event "COL-chT Interligas"]
[Site "Palmira"]
[Date "2019.04.28"]
[Round "3.2"]
[White "Ossa, Orlando Jose"]
[Black "Becerra, Juan David"]
[Result "0-1"]
[WhiteElo "2229"]
[BlackElo "2292"]
[PlyCount "78"]
[EventDate "2019.04.27"]
[EventType "team-swiss"]
[EventRounds "6"]
[EventCountry "COL"]
[SourceTitle "CBM 190 Extra"]
[Source "ChessBase"]
[SourceDate "2019.07.15"]
[SourceVersion "1"]
[SourceVersionDate "2019.07.15"]
[SourceQuality "1"]
[WhiteTeam "Valle Carlos Cuartas"]
[BlackTeam "Bogota"]
[WhiteTeamCountry "COL"]
[BlackTeamCountry "COL"]

1. e4 e5 2. Nf3 Nc6 3. Nc3 Nf6 4. d4 exd4 5. Nxd4 Bb4 6. Nxc6 bxc6 7. Bd3 d5 8. exd5 cxd5 9. 0-0 0-0 10. Bg5 c6 11. Na4 Be7 12. Re1 Rb8 13. a3 c5 14. c4 d4 15. Bxf6 Bxf6 16. Qh5 g6 17. Qxc5 Bd7 18. b4 Bxa4 19. Qxa7 Qd7 20. Qxd7 Bxd7 21. c5 Bg5 22. Re2 Rfc8 23. g3 Bf5 24. Bxf5 gxf5 25. Rd1 Bf6 26. Rd3 Kf8 27. Kg2 Re8 28. Rc2 Ke7 29. Kf3 Kd7 30. Kf4 Kc6 31. Kxf5 Bg7 32. Kf4 Re6 33. Kf3 Kb5 34. Re2 Rbe8 35. Rxe6 Rxe6 36. Rb3 Kc4 37. Rb1 d3 38. c6 Rxc6 39. Rc1+ Bc3 0-1

[Event "Cali Cuartas Memorial op"]
[Site "Cali"]
[Date "2017.11.27"]
[Round "9"]
[White "Ossa, Orlando Jose"]
[Black "Rios Parra, Alejandro"]
[Result "1/2-1/2"]
[WhiteElo "2234"]
[BlackElo "2315"]
[PlyCount "51"]
[EventDate "2017.11.22"]
[EventType "swiss"]
[EventRounds "10"]
[EventCountry "COL"]
[SourceTitle "EXT 2019"]
[Source "ChessBase"]
[SourceDate "2018.10.10"]
[SourceVersion "1"]
[SourceVersionDate "2018.10.10"]
[SourceQuality "1"]

1. e4 e5 2. Nf3 Nc6 3. Bc4 Bc5 4. Nc3 Nf6 5. d3 d6 6. a3 a6 7. Ba2 h6 8. h3 Be6 9. Nd5 Bxd5 10. exd5 Ne7 11. c4 Nf5 12. 0-0 0-0 13. b4 Ba7 14. Bb2 Re8 15. Rc1 Nd4 16. c5 a5 17. Nxd4 exd4 18. Bxd4 axb4 19. axb4 Bxc5 20. bxc5 Rxa2 21. Qb3 Qa8 22. Ra1 Rxa1 23. Rxa1 Qd8 24. Qxb7 dxc5 25. Bxc5 Nxd5 26. Ra4 1/2-1/2

[Event "Cali Cuartas Memorial op"]
[Site "Cali"]
[Date "2017.11.24"]
[Round "4"]
[White "Cardoso Cardoso, Jose Gabriel"]
[Black "Ossa, Orlando Jose"]
[Result "1-0"]
[WhiteElo "2280"]
[BlackElo "2234"]
[PlyCount "120"]
[EventDate "2017.11.22"]
[EventType "swiss"]
[EventRounds "10"]
[EventCountry "COL"]
[SourceTitle "EXT 2019"]
[Source "ChessBase"]
[SourceDate "2018.10.10"]
[SourceVersion "1"]
[SourceVersionDate "2018.10.10"]
[SourceQuality "1"]

1. d4 Nf6 2. c4 g6 3. Nc3 Bg7 4. e4 d6 5. Nf3 0-0 6. Be2 e5 7. Be3 Nc6 8. d5 Ne7 9. Nd2 Kh8 10. b4 a5 11. a3 axb4 12. axb4 Rxa1 13. Qxa1 Ng4 14. Bxg4 Bxg4 15. f3 Bd7 16. c5 f5 17. b5 fxe4 18. fxe4 Nc8 19. Nf3 Bg4 20. 0-0 dxc5 21. Bxc5 Nd6 22. Qd1 Rf4 23. Qd3 h6 24. h3 Bxf3 25. Rxf3 Nf7 26. g3 Rxf3 27. Qxf3 Ng5 28. Qf1 Qa8 29. Kg2 Qa5 30. Qc4 Qa1 31. b6 cxb6 32. Bf2 Nxh3 33. d6 Nxf2 34. d7 Bf6 35. Qc8+ Kg7 36. d8Q Qh1+ 37. Kxf2 Qh2+ 38. Kf3 Qh1+ 39. Ke2 Qg2+ 40. Kd1 Qf1+ 41. Kc2 Bxd8 42. Qxd8 Qf2+ 43. Kb3 Qxg3 44. Qc7+ Kf6 45. Qd8+ Kg7 46. Qc7+ Kf6 47. Qxb6+ Kg5 48. Qxb7 h5 49. Qe7+ Kg4 50. Kc4 g5 51. Nd5 Kh3 52. Qf8 h4 53. Qf1+ Qg2 54. Qf5+ g4 55. Qxe5 Qa2+ 56. Kb4 Qd2+ 57. Kb5 Qd3+ 58. Kb6 Qb3+ 59. Kc6 Qc4+ 60. Kd6 Qa6+ 1-0

[Event "Cali Cuartas Memorial op"]
[Site "Cali"]
[Date "2017.11.23"]
[Round "2"]
[White "Barrientos Chavarriaga, Sergio E"]
[Black "Ossa, Orlando Jose"]
[Result "1-0"]
[WhiteElo "2486"]
[BlackElo "2234"]
[PlyCount "76"]
[EventDate "2017.11.22"]
[EventType "swiss"]
[EventRounds "10"]
[EventCountry "COL"]
[SourceTitle "EXT 2019"]
[Source "ChessBase"]
[SourceDate "2018.10.10"]
[SourceVersion "1"]
[SourceVersionDate "2018.10.10"]
[SourceQuality "1"]

1. d4 Nf6 2. Nf3 g6 3. c4 Bg7 4. Nc3 0-0 5. e4 d6 6. h3 c5 7. d5 b5 8. cxb5 a6 9. Bd2 Bd7 10. a4 Ne8 11. Bc4 Qc7 12. 0-0 Qb7 13. Qe2 Nc7 14. e5 Re8 15. Bf4 e6 16. exd6 Nxd5 17. Be5 f6 18. Bg3 Kh8 19. Ne4 Qc8 20. Rac1 f5 21. Neg5 h6 22. Nf7+ Kg8 23. N7e5 g5 24. Rfe1 Bf8 25. bxa6 Nc6 26. Nxd7 Qxd7 27. Ne5 Nxe5 28. Bxe5 Bxd6 29. Bb5 Qe7 30. Bxd6 Qxd6 31. Bxe8 Rxe8 32. Qb5 Ra8 33. Rxc5 Qxa6 34. Rxd5 exd5 35. Qxd5+ Kh8 36. Qd4+ Kg8 37. Re7 Qg6 38. Qd5+ Kf8 1-0

[Event "Sant Adria de Besos op 1st"]
[Site "Sant Adria de Besos"]
[Date "2017.08.17"]
[Round "9"]
[White "Tejaswini, Sagar"]
[Black "Ossa, Orlando Jose"]
[Result "0-1"]
[WhiteElo "2139"]
[BlackElo "2240"]
[PlyCount "90"]
[EventDate "2017.08.11"]
[EventType "swiss"]
[EventRounds "9"]
[EventCountry "ESP"]
[SourceTitle "EXT 2019"]
[Source "ChessBase"]
[SourceDate "2018.10.10"]
[SourceVersion "1"]
[SourceVersionDate "2018.10.10"]
[SourceQuality "1"]

1. e4 e5 2. Nf3 Nc6 3. Bb5 Bc5 4. d3 Nf6 5. Bxc6 dxc6 6. Nbd2 0-0 7. Qe2 Qe7 8. Nc4 Ng4 9. Ne3 f5 10. exf5 Nxe3 11. Bxe3 Bxe3 12. Qxe3 Qb4+ 13. Kd1 Qxb2 14. Qxe5 Qxe5 15. Nxe5 Rxf5 16. Nf3 Rf4 17. Re1 Bg4 18. Re3 Bxf3+ 19. Rxf3 Rxf3 20. gxf3 Rf8 21. Ke2 Rf4 22. Ke3 Rh4 23. Rh1 Kf7 24. d4 b6 25. h3 g5 26. c3 Kf6 27. Ke2 h5 28. Kf1 c5 29. dxc5 b5 30. Kg2 Rc4 31. Rd1 Rxc3 32. Rd5 b4 33. h4 gxh4 34. Rxh5 a5 35. c6 Ra3 36. Rh7 Rxa2 37. Rxc7 Ke6 38. Rb7 Kd6 39. c7 Kd7 40. f4 Kc8 41. f5 Kxb7 42. f6 h3+ 43. Kg3 h2 44. f7 h1Q 45. f8Q Ra3+ 0-1

[Event "Sant Adria de Besos op 1st"]
[Site "Sant Adria de Besos"]
[Date "2017.08.16"]
[Round "8"]
[White "Ossa, Orlando Jose"]
[Black "Oblitas Guerrero, Carlomagno"]
[Result "0-1"]
[WhiteElo "2240"]
[BlackElo "2397"]
[PlyCount "64"]
[EventDate "2017.08.11"]
[EventType "swiss"]
[EventRounds "9"]
[EventCountry "ESP"]
[SourceTitle "EXT 2019"]
[Source "ChessBase"]
[SourceDate "2018.10.10"]
[SourceVersion "1"]
[SourceVersionDate "2018.10.10"]
[SourceQuality "1"]

1. e4 c5 2. c3 d5 3. exd5 Qxd5 4. Nf3 Nf6 5. d4 e6 6. Be3 cxd4 7. cxd4 Be7 8. Nc3 Qd6 9. Bd3 Nc6 10. 0-0 0-0 11. Qe2 Nb4 12. Bb1 b6 13. Ne5 Ba6 14. Nb5 Qd5 15. a4 Rac8 16. f4 g6 17. Kh1 Ne4 18. f5 exf5 19. Bh6 Rfe8 20. Bxe4 Qxe4 21. Qxe4 fxe4 22. Rxf7 Bf8 23. Bxf8 Rxf8 24. Re7 Nc2 25. Rb1 Bxb5 26. axb5 Rce8 27. Rxe8 Rxe8 28. Ng4 Rf8 29. Kg1 e3 30. Nxe3 Nxe3 31. Re1 Nf5 32. d5 Rd8 0-1

[Event "COL pre olympic sf"]
[Site "Bogota"]
[Date "2016.05.29"]
[Round "7"]
[White "Ossa, Orlando Jose"]
[Black "Martinez, Jorge Alexander"]
[Result "0-1"]
[WhiteElo "2239"]
[BlackElo "2204"]
[PlyCount "42"]
[EventDate "2016.05.25"]
[EventType "swiss"]
[EventRounds "9"]
[EventCountry "COL"]
[SourceTitle "CBM 172 Extra"]
[Source "ChessBase"]
[SourceDate "2016.06.21"]
[SourceVersion "1"]
[SourceVersionDate "2016.06.21"]
[SourceQuality "1"]

1. e4 e6 2. d4 d5 3. Nc3 dxe4 4. Nxe4 Bd7 5. Bd3 Bc6 6. Nf3 Nd7 7. 0-0 Ngf6 8. Ng3 Bxf3 9. Qxf3 c6 10. Re1 Be7 11. c4 0-0 12. Bf4 Re8 13. Rad1 Nf8 14. h4 Ng6 15. Bg5 Nd7 16. Ne4 Nxh4 17. Qh5 Ng6 18. Re3 h6 19. Nd6 Bxg5 20. Nxf7 Nf4 21. Nxg5 Nxh5 0-1

[Event "COL pre olympic sf"]
[Site "Bogota"]
[Date "2016.05.27"]
[Round "5"]
[White "Ossa, Orlando Jose"]
[Black "Sanchez, Sebastian Felipe"]
[Result "0-1"]
[WhiteElo "2239"]
[BlackElo "2410"]
[PlyCount "112"]
[EventDate "2016.05.25"]
[EventType "swiss"]
[EventRounds "9"]
[EventCountry "COL"]
[SourceTitle "CBM 172 Extra"]
[Source "ChessBase"]
[SourceDate "2016.06.21"]
[SourceVersion "1"]
[SourceVersionDate "2016.06.21"]
[SourceQuality "1"]

1. e4 e6 2. Nf3 d5 3. e5 c5 4. b4 cxb4 5. a3 Nc6 6. axb4 Bxb4 7. c3 Be7 8. d4 Bd7 9. Bd3 a6 10. h4 Qc7 11. Ng5 Nh6 12. 0-0 Nf5 13. Qf3 g6 14. g4 h6 15. gxf5 hxg5 16. fxg6 fxg6 17. Bxg6+ Kd8 18. Bxg5 Kc8 19. Qf7 Bxg5 20. hxg5 Nxe5 21. Qf6 Nf3+ 22. Kg2 Nh4+ 23. Kg1 Nxg6 24. f4 Rg8 25. Nd2 Qd8 26. Qf7 Qf8 27. Qxf8+ Rxf8 28. Rf3 Kc7 29. Raf1 Rf5 30. Kh2 Rh8+ 31. Kg3 Rf7 32. c4 dxc4 33. Nxc4 Bb5 34. Rc1 Bxc4 35. Rxc4+ Kd6 36. Rb4 b5 37. Ra3 Ra8 38. Rxb5 axb5 39. Rxa8 Nxf4 40. Kg4 Kd5 41. Rg8 Kxd4 42. g6 Nxg6 43. Rxg6 e5 44. Rb6 Kc5 45. Re6 Kd5 46. Rb6 Rf4+ 47. Kg3 b4 48. Rb5+ Kd6 49. Rb8 Kc5 50. Re8 Kd4 51. Rb8 Kc3 52. Rb5 b3 53. Rxe5 Rf1 54. Kg2 Rf8 55. Rc5+ Kb4 56. Rc7 Rb8 0-1

[Event "COL-ch blitz"]
[Site "Quibdo"]
[Date "2015.11.08"]
[Round "4"]
[White "Agudelo, Carlos Hernan"]
[Black "Ossa, Orlando Jose"]
[Result "0-1"]
[WhiteElo "2038"]
[BlackElo "2314"]
[PlyCount "21"]
[EventDate "2015.11.08"]
[EventType "swiss (blitz)"]
[EventRounds "18"]
[EventCountry "COL"]
[SourceTitle "CBM 169 Extra"]
[Source "ChessBase"]
[SourceDate "2015.12.18"]
[SourceVersion "1"]
[SourceVersionDate "2015.12.18"]
[SourceQuality "1"]

1. d4 c5 2. d5 f5 3. c4 Nf6 4. Nh3 g6 5. g3 Bg7 6. Bg2 0-0 7. 0-0 Ne4 8. f3 Nd6 9. Qc2 e5 10. dxe6 dxe6 11. Nf4 0-1

[Event "COL-ch blitz"]
[Site "Quibdo"]
[Date "2015.11.08"]
[Round "10"]
[White "Ossa, Orlando Jose"]
[Black "Lopez Idarraga, Daniel Eduardo"]
[Result "1-0"]
[WhiteElo "2314"]
[BlackElo "2193"]
[PlyCount "47"]
[EventDate "2015.11.08"]
[EventType "swiss (blitz)"]
[EventRounds "18"]
[EventCountry "COL"]
[SourceTitle "CBM 169 Extra"]
[Source "ChessBase"]
[SourceDate "2015.12.18"]
[SourceVersion "1"]
[SourceVersionDate "2015.12.18"]
[SourceQuality "1"]

1. e4 e6 2. d4 d5 3. Nd2 Nc6 4. c3 e5 5. exd5 Qxd5 6. Ngf3 exd4 7. Bc4 Qf5 8. cxd4 Nf6 9. 0-0 Be7 10. Re1 0-0 11. Nb3 Bb4 12. Re2 Qh5 13. d5 Na5 14. Nxa5 Bxa5 15. Re5 Qg4 16. Qa4 Bb6 17. Bd2 Qd7 18. Bb5 Qd8 19. Bc3 Bd7 20. Rg5 Bxb5 21. Qxb5 Kh8 22. d6 c6 23. Qf5 Qd7 24. Qxf6 1-0

[Event "Bogota University op 9th"]
[Site "Bogota"]
[Date "2015.10.10"]
[Round "6"]
[White "Noboa Silva, Kevin Omar"]
[Black "Ossa, Orlando Jose"]
[Result "1/2-1/2"]
[WhiteElo "2032"]
[BlackElo "2273"]
[PlyCount "93"]
[EventDate "2015.10.08"]
[EventType "swiss"]
[EventRounds "9"]
[EventCountry "COL"]
[SourceTitle "CBM 168 Extra"]
[Source "ChessBase"]
[SourceDate "2015.10.29"]
[SourceVersion "1"]
[SourceVersionDate "2015.10.29"]
[SourceQuality "1"]

1. e4 e5 2. Nf3 Nc6 3. d4 exd4 4. Nxd4 Nf6 5. Nxc6 bxc6 6. e5 Qe7 7. Qe2 Nd5 8. c4 Nb6 9. Nc3 a5 10. f4 a4 11. Qe3 Qb4 12. a3 Qb3 13. Ne4 Ba6 14. Qxb3 axb3 15. c5 Bxf1 16. Rxf1 Na4 17. Rf3 Rb8 18. Rg3 g6 19. Bd2 Bxc5 20. Nf6+ Kd8 21. 0-0-0 Be7 22. Ne4 Kc8 23. Be1 Re8 24. Rgd3 Rd8 25. Rh3 h5 26. Rdd3 d5 27. exd6 cxd6 28. Rxb3 Rxb3 29. Rxb3 d5 30. Ng5 Bxg5 31. fxg5 Re8 32. Kd1 Re5 33. Bd2 Rf5 34. Be3 c5 35. Ke2 Kc7 36. g3 Kc6 37. Rb8 Nb6 38. b4 d4 39. Bg1 Rxg5 40. bxc5 Nd7 41. Rc8+ Kb7 42. Re8 Rxc5 43. Bxd4 Rc2+ 44. Kf3 Rxh2 45. Re7 Kc6 46. Rxf7 Ra2 47. Rg7 1/2-1/2

[Event "Barcelona Sants op 17th"]
[Site "Barcelona"]
[Date "2015.08.30"]
[Round "10"]
[White "Ossa, Orlando Jose"]
[Black "Dominguez Rueda, Juan"]
[Result "1-0"]
[WhiteElo "2249"]
[BlackElo "2104"]
[PlyCount "79"]
[EventDate "2015.08.21"]
[EventType "swiss"]
[EventRounds "10"]
[EventCountry "ESP"]
[SourceTitle "EXT 2016"]
[Source "ChessBase"]
[SourceDate "2015.10.08"]
[SourceVersion "1"]
[SourceVersionDate "2015.10.08"]
[SourceQuality "1"]

1. Nf3 d6 2. c4 e5 3. Nc3 f5 4. d3 Nf6 5. g3 Be7 6. Bg2 0-0 7. 0-0 Qe8 8. b4 Nc6 9. Qb3 Kh8 10. a4 a5 11. b5 Nd8 12. Nd5 Ne6 13. Ba3 Nd7 14. Qb2 Bd8 15. Rac1 Ndc5 16. Qc2 Qh5 17. e3 c6 18. Nc3 Be7 19. d4 e4 20. Ne1 f4 21. gxf4 Rf6 22. f3 Nd3 23. Nxe4 Rh6 24. Qxd3 Qxh2+ 25. Kf2 Bh4+ 26. Ke2 Rg6 27. Nf2 Bd7 28. Kd1 d5 29. cxd5 cxd5 30. Rh1 Qg3 31. Ng4 Re8 32. Ne5 Nxf4 33. exf4 Kg8 34. Kc2 Qxf4 35. Kb3 Bf5 36. Rxh4 Qg5 37. f4 Qf6 38. Bxd5+ Be6 39. Bxe6+ Qxe6+ 40. Qc4 1-0